| 000 | 00520nam a2200157 4500 | ||
|---|---|---|---|
| 008 | 030311s1986 us 0 eng | ||
| 020 | _a0800618963 | ||
| 090 |
_aBS1430.2 _bM61i |
||
| 100 | 1 | _aMiller, Patrick D. | |
| 245 | 1 | 0 |
_aInterpreting the Psalms / _cPatrick D. Miller. |
| 260 |
_aPhiladelphia : _bFortress, _cc1986. |
||
| 300 | _a165 p. | ||
| 504 | _aBiblio: pp. 154-159 | ||
| 650 | 4 |
_aBible. O.T. Psalms _xCriticism, interpretation, etc. |
|
| 951 |
_p10800 _x00002529 _oBS1430.2/M61i _j070613111223234 _d2000-12-21 _cGC |
||
| 999 |
_c14955 _d14955 |
||